Reklama áno alebo nie ?

Gespeichert in:
Bibliographische Detailangaben
1. Verfasser: Frankovský, Miroslav
Weitere Verfasser: Lieskovská, Vanda, 1961-
Format: Buchkapitel
Sprache:Slowakisch
Tags: Tag hinzufügen
Keine Tags, Fügen Sie das erste Tag hinzu!

MARC

LEADER 00000naa$a2200000$$$4500
001 0094778
005 20240502072044.4
041 0 |a slo 
044 |a SK 
245 1 0 |a Reklama áno alebo nie ?  |c Miroslav Frankovský, Vanda Lieskovská 
100 1 |a Frankovský, Miroslav 
700 1 |a Lieskovská, Vanda, 1961-